000 00778nam a2200265Ia 4500
003 OSt
005 20221005042604.0
006 a|||||r|||| 00| 0
007 ta
008 221004b |||||||| |||| 00| 0 urd d
020 _a8187666323 (hbk)
_c150
024 _a24566
037 _b4622, 31/12/2015, Kitabi Duniya
_cTextual
040 _aCRL
_cCRL
_burd
041 _2urd
_aurd
082 _aO168,2:g, P5
100 _aSidhu Charan Dass
_9214556
245 0 _aBhagat Singh shaheed
_b Teen drame
260 _aDFelhi
_bKitabi Duniya India
_c2005
300 _a195p.
_ccm.
650 _a URDU DRAMA
650 _aURDU LITERATURE
942 _hO168,2:g, P5
_cTEXL
_2cc
999 _c950517
_d950517